000
00311nam a2200109Ia 4500
008
171211s9999 xx 000 0 und d
245
4
_a
The Drunken Monkey: Why We Drink and Abuse Alcohol
245
_c
Robert Dudley
260
_c
2014
650
_x
HEALTH
856
_u
http://down.ebook777.com/018/The-Monkey.pdf
999
_c
348357
_d
348357